O' Level-Module-2 Personal Computer Software (MS Word +Excel) (Record no. 242)

MARC details
000 -LEADER
fixed length control field 00447nam a22001697a 4500
005 - DATE AND TIME OF LATEST TRANSACTION
control field 20160429105911.0
008 - FIXED-LENGTH DATA ELEMENTS--GENERAL INFORMATION
fixed length control field 160429b xxu||||| |||| 00| 0 eng d
020 ## - INTERNATIONAL STANDARD BOOK NUMBER
ISBN 81-7656353-6
041 ## - LANGUAGE CODE
Language code of text/sound track or separate title eng
082 ## - DEWEY DECIMAL CLASSIFICATION NUMBER
Item number 00770
100 ## - MAIN ENTRY--AUTHOR NAME
Personal name Jain, V.K.
245 ## - TITLE STATEMENT
Title O' Level-Module-2 Personal Computer Software (MS Word +Excel)
260 ## - PUBLICATION, DISTRIBUTION, ETC. (IMPRINT)
Place of publication New Delhi
Name of publisher BPB Publishing,
Year of publication 2001
300 ## - PHYSICAL DESCRIPTION
Number of Pages 461
650 ## - SUBJECT ADDED ENTRY--TOPICAL TERM
Topical Term Information Technology
942 ## - ADDED ENTRY ELEMENTS (KOHA)
Koha item type Books
Holdings
Lost status Damaged status Home library Current library Shelving location Date acquired Cost, normal purchase price Full call number Accession Number Koha item type Collection code
    JRU Library JRU Library SHELF-52-F 29/04/2016 195.00 00770 00770 Books  
    JRU Library JRU Library SHELF-52-F 13/10/2023   00770   Books CS/IT